[Event "Bamberg op 2nd"]
[Site "Bamberg"]
[Date "2019.05.30"]
[Round "3"]
[White "Stets, Dmitry"]
[Black "Legahn, Dirk"]
[Result "1-0"]
[WhiteElo "2391"]
[BlackElo "2132"]
[PlyCount "47"]
[EventDate "2019.05.29"]
[EventType "swiss"]
[EventRounds "7"]
[EventCountry "GER"]
[SourceTitle "CBM 190 Extra"]
[Source "ChessBase"]
[SourceDate "2019.07.15"]
[SourceVersion "1"]
[SourceVersionDate "2019.07.15"]
[SourceQuality "1"]

1. e4 c5 2. Nc3 Nc6 3. Nge2 g6 4. d4 cxd4 5. Nxd4 Bg7 6. Be3 Nf6 7. Bc4 0-0 8. Bb3 e6 9. 0-0 d5 10. exd5 Nxd5 11. Nxd5 exd5 12. h3 Re8 13. c3 Na5 14. Re1 b6 15. Qf3 Nxb3 16. Nxb3 Bb7 17. Bd4 Re4 18. Qg3 Bf8 19. Rxe4 dxe4 20. Qe5 f6 21. Qe6+ Kg7 22. Rd1 Bc8 23. Qxe4 Bf5 24. Bxf6+ 1-0

[Event "Schwarzach op 23rd"]
[Site "Schwarzach"]
[Date "2008.08.22"]
[Round "7"]
[White "Legahn, Dirk"]
[Black "Fiderer, Lukas"]
[Result "1-0"]
[WhiteElo "2190"]
[BlackElo "2099"]
[PlyCount "99"]
[EventDate "2008.08.16"]
[EventType "swiss"]
[EventRounds "9"]
[EventCountry "AUT"]
[SourceTitle "CBM 126 Extra"]
[Source "ChessBase"]
[SourceDate "2008.11.05"]
[SourceVersion "1"]
[SourceVersionDate "2008.11.05"]
[SourceQuality "1"]

1. d4 Nf6 2. g3 c5 3. Nf3 e6 4. Bg2 Nc6 5. 0-0 b6 6. c4 Bb7 7. Nc3 Na5 8. Qd3 Rc8 9. b3 cxd4 10. Nxd4 Bxg2 11. Kxg2 d5 12. cxd5 Nxd5 13. Qb5+ Nc6 14. Nxd5 Qxd5+ 15. Qxd5 exd5 16. Nxc6 Rxc6 17. Rd1 Rd6 18. Bf4 Rd7 19. Rd3 Bc5 20. Rad1 d4 21. Be5 f6 22. Bxd4 Bxd4 23. Rxd4 Rxd4 24. Rxd4 Ke7 25. Rc4 Kd6 26. f4 a5 27. Kf3 b5 28. Rc2 f5 29. e4 fxe4+ 30. Kxe4 g6 31. f5 gxf5+ 32. Kxf5 Rf8+ 33. Kg5 Rf7 34. Kh6 a4 35. bxa4 bxa4 36. h4 Kd5 37. g4 Kd4 38. g5 Rb7 39. Rg2 Kc3 40. h5 a3 41. g6 hxg6 42. hxg6 Rb2 43. Rg3+ Kb4 44. g7 Rh2+ 45. Kg5 Rxa2 46. g8Q Rb2 47. Qf8+ Kc4 48. Qxa3 Rb5+ 49. Kf4 Rb4 50. Qd3+ 1-0

[Event "Schwarzach op 23rd"]
[Site "Schwarzach"]
[Date "2008.08.17"]
[Round "2"]
[White "Legahn, Dirk"]
[Black "Smith, Axel"]
[Result "1/2-1/2"]
[WhiteElo "2190"]
[BlackElo "2427"]
[PlyCount "74"]
[EventDate "2008.08.16"]
[EventType "swiss"]
[EventRounds "9"]
[EventCountry "AUT"]
[SourceTitle "CBM 126 Extra"]
[Source "ChessBase"]
[SourceDate "2008.11.05"]
[SourceVersion "1"]
[SourceVersionDate "2008.11.05"]
[SourceQuality "1"]

1. Nf3 d5 2. g3 Bg4 3. Bg2 Nd7 4. d3 e5 5. Nbd2 Ngf6 6. h3 Bh5 7. 0-0 c6 8. e4 dxe4 9. Nxe4 Nxe4 10. dxe4 Bc5 11. Qe1 0-0 12. Bd2 Qf6 13. Bg5 Qe6 14. Qc3 f6 15. Be3 Bxe3 16. Qxe3 Rfd8 17. Rfd1 Nb6 18. b3 Qe7 19. a4 Rxd1+ 20. Rxd1 Rd8 21. Rd2 Rxd2 22. Nxd2 Qd8 23. a5 Nc8 24. b4 b6 25. axb6 axb6 26. Kh2 Kf8 27. Bf1 Nd6 28. Nc4 Nxc4 29. Bxc4 Qd4 30. Qxd4 exd4 31. Kg2 Ke7 32. f4 Kd6 33. g4 Be8 34. Kf3 c5 35. bxc5+ bxc5 36. h4 h6 37. h5 Ba4 1/2-1/2

[Event "Schwarzach op 23rd"]
[Site "Schwarzach"]
[Date "2008.08.16"]
[Round "1"]
[White "Campomori, Bruno"]
[Black "Legahn, Dirk"]
[Result "0-1"]
[WhiteElo "2027"]
[BlackElo "2190"]
[PlyCount "21"]
[EventDate "2008.08.16"]
[EventType "swiss"]
[EventRounds "9"]
[EventCountry "AUT"]
[SourceTitle "CBM 126 Extra"]
[Source "ChessBase"]
[SourceDate "2008.11.05"]
[SourceVersion "1"]
[SourceVersionDate "2008.11.05"]
[SourceQuality "1"]

1. e4 c5 2. Nf3 Nc6 3. d4 cxd4 4. Nxd4 Nf6 5. Nc3 g6 6. Be3 Bg7 7. f3 0-0 8. Qd2 d5 9. Nxc6 bxc6 10. e5 Nd7 11. f4 0-1

[Event "Oberliga Nord N 0708"]
[Site "Germany"]
[Date "2007.11.25"]
[Round "3.8"]
[White "Legahn, Dirk"]
[Black "Wilms, Ingo"]
[Result "1-0"]
[WhiteElo "2164"]
[BlackElo "2182"]
[PlyCount "44"]
[EventDate "2007.10.21"]
[EventType "team-tourn"]
[EventRounds "9"]
[EventCountry "GER"]
[SourceTitle "EXT 2009"]
[Source "ChessBase"]
[SourceDate "2008.11.26"]
[SourceVersion "1"]
[SourceVersionDate "2008.11.26"]
[SourceQuality "1"]
[WhiteTeam "Hamburg Diogenes"]
[BlackTeam "Koenigsspringer"]
[WhiteTeamCountry "GER"]
[BlackTeamCountry "GER"]

1. d4 Nf6 2. g3 c5 3. d5 b5 4. Bg2 Bb7 5. e4 d6 6. a4 a6 7. axb5 axb5 8. Rxa8 Bxa8 9. Qe2 Qa5+ 10. Nd2 Nbd7 11. Ngf3 g6 12. 0-0 Bg7 13. e5 Nxd5 14. c4 bxc4 15. Nxc4 Qa7 16. e6 fxe6 17. Qxe6 Rf8 18. Nxd6+ Kd8 19. Nf7+ Kc7 20. N3g5 Qb7 21. Rd1 N7b6 22. Bf4+ Nxf4 1-0

[Event "Oberliga Nord N 0304"]
[Site "Germany"]
[Date "2004.04.25"]
[Round "9.3"]
[White "Labahn, Wolfgang"]
[Black "Legahn, Dirk"]
[Result "1/2-1/2"]
[WhiteElo "2214"]
[BlackElo "2219"]
[PlyCount "54"]
[EventDate "2003.10.12"]
[EventType "team-tourn"]
[EventRounds "9"]
[EventCountry "GER"]
[SourceTitle "EXT 2005"]
[Source "ChessBase"]
[SourceDate "2004.11.15"]
[SourceVersion "1"]
[SourceVersionDate "2004.11.15"]
[SourceQuality "1"]
[WhiteTeam "Grosshansdorf"]
[BlackTeam "Hamburger SG BUE"]
[WhiteTeamCountry "GER"]
[BlackTeamCountry "GER"]

1. d4 Nf6 2. c4 c5 3. d5 a6 4. f3 e6 5. e4 exd5 6. cxd5 d6 7. a4 g6 8. Bd3 Bg7 9. Ne2 0-0 10. 0-0 Re8 11. Na3 Nbd7 12. Nc3 Qc7 13. Be3 b6 14. Rc1 Bb7 15. Bb1 Rac8 16. b3 Qb8 17. Re1 Ne5 18. h3 b5 19. axb5 axb5 20. Naxb5 Ba6 21. f4 Bxb5 22. fxe5 dxe5 23. Na4 Bxa4 24. bxa4 Qb4 25. d6 Red8 26. Re2 c4 27. Qe1 Qxe1+ 1/2-1/2

[Event "Oberliga Nord N 0304"]
[Site "Germany"]
[Date "2004.03.28"]
[Round "8.3"]
[White "Legahn, Dirk"]
[Black "Hein, Andreas"]
[Result "0-1"]
[WhiteElo "2219"]
[BlackElo "2231"]
[PlyCount "96"]
[EventDate "2003.10.12"]
[EventType "team-tourn"]
[EventRounds "9"]
[EventCountry "GER"]
[SourceTitle "EXT 2005"]
[Source "ChessBase"]
[SourceDate "2004.11.15"]
[SourceVersion "1"]
[SourceVersionDate "2004.11.15"]
[SourceQuality "1"]
[WhiteTeam "Hamburger SG BUE"]
[BlackTeam "Luebeck III"]
[WhiteTeamCountry "GER"]
[BlackTeamCountry "GER"]

1. d4 Nf6 2. Nf3 d5 3. c4 e6 4. g3 Nbd7 5. Bg2 c6 6. 0-0 Bd6 7. Nc3 0-0 8. b3 a6 9. a4 Bb4 10. Na2 Ba5 11. Ba3 Re8 12. Nd2 b5 13. Nb4 Bb7 14. e4 dxc4 15. bxc4 c5 16. dxc5 Nxc5 17. e5 Bxg2 18. Kxg2 Bxb4 19. Bxb4 Nfd7 20. Bxc5 Nxc5 21. axb5 axb5 22. Rxa8 Qxa8+ 23. Qf3 b4 24. Qxa8 Rxa8 25. Rb1 Nd3 26. Rb3 Ra3 27. f4 g5 28. Rxa3 bxa3 29. Nb3 gxf4 30. gxf4 Nxf4+ 31. Kf3 Nd3 32. Ke4 Nb4 33. Kd4 Nc6+ 34. Kc3 Nxe5 35. c5 Kf8 36. Kb4 a2 37. Ka3 Nf3 38. Kxa2 e5 39. Na5 e4 40. Nc4 f5 41. c6 Ke7 42. c7 Kd7 43. Nd6 Kxc7 44. Nxf5 Nxh2 45. Kb3 Kd7 46. Ng3 e3 47. Kc3 Nf1 48. Ne4 Ke6 0-1

[Event "Oberliga Nord N 0304"]
[Site "Germany"]
[Date "2003.12.14"]
[Round "4.3"]
[White "Hueneburg, Christian"]
[Black "Legahn, Dirk"]
[Result "1-0"]
[WhiteElo "2268"]
[BlackElo "2219"]
[PlyCount "33"]
[EventDate "2003.10.12"]
[EventType "team-tourn"]
[EventRounds "9"]
[EventCountry "GER"]
[SourceTitle "EXT 2005"]
[Source "ChessBase"]
[SourceDate "2004.11.15"]
[SourceVersion "1"]
[SourceVersionDate "2004.11.15"]
[SourceQuality "1"]
[WhiteTeam "Schwerin"]
[BlackTeam "Hamburger SG BUE"]
[WhiteTeamCountry "GER"]
[BlackTeamCountry "GER"]

1. e4 c5 2. Nf3 Nc6 3. Nc3 g6 4. d4 cxd4 5. Nxd4 Bg7 6. Be3 Nf6 7. Bc4 Qa5 8. 0-0 0-0 9. Bb3 d6 10. h3 Bd7 11. f4 Qh5 12. Nf3 Rfd8 13. Qe1 b5 14. Ng5 Rf8 15. Ne2 Qh6 16. Rd1 a5 17. e5 1-0

[Event "IECG WC.2004.T.00001 email"]
[Site "IECG email"]
[Date "2003.08.15"]
[Round "?"]
[White "Legahn, Dirk"]
[Black "Onder, Evren"]
[Result "1-0"]
[WhiteElo "2470"]
[BlackElo "2298"]
[PlyCount "60"]
[EventDate "2003.08.15"]
[EventType "tourn (corr)"]
[EventRounds "8"]
[SourceTitle "Corr 2008"]
[Source "ChessBase"]
[SourceDate "2008.06.24"]
[SourceVersion "1"]
[SourceVersionDate "2008.06.24"]
[SourceQuality "1"]

1. d4 Nf6 2. Nf3 e6 3. g3 d5 4. Bg2 c5 5. 0-0 cxd4 6. Nxd4 e5 7. Nb3 Be6 8. Nc3 Be7 9. f4 exf4 10. gxf4 g6 11. Kh1 Nc6 12. Be3 0-0 13. Nd4 Ng4 14. Nxe6 fxe6 15. Bg1 Nf6 16. e4 Nxe4 17. Nxe4 dxe4 18. Bxe4 Qc7 19. Qg4 Rf6 20. Be3 Bd6 21. Rf2 Raf8 22. Raf1 Nd8 23. Bd2 Nc6 24. f5 exf5 25. Rxf5 Rxf5 26. Rxf5 Rxf5 27. Bxf5 Be5 28. b4 Kg7 29. Bd3 Qd6 30. Qe4 b6 1-0

[Event "IECG WC.2004.T.00001 email"]
[Site "IECG email"]
[Date "2003.08.15"]
[Round "?"]
[White "Legahn, Dirk"]
[Black "Percze, Janos"]
[Result "1/2-1/2"]
[WhiteElo "2470"]
[BlackElo "2357"]
[PlyCount "51"]
[EventDate "2003.08.15"]
[EventType "tourn (corr)"]
[EventRounds "8"]
[SourceTitle "Corr 2008"]
[Source "ChessBase"]
[SourceDate "2008.06.24"]
[SourceVersion "1"]
[SourceVersionDate "2008.06.24"]
[SourceQuality "1"]

1. d4 Nf6 2. g3 d5 3. Bg2 g6 4. Nf3 Bg7 5. c4 dxc4 6. Qa4+ c6 7. Qxc4 0-0 8. 0-0 Bf5 9. Nc3 Nbd7 10. Bf4 Qb6 11. b3 Rad8 12. Rac1 Ne4 13. Rfd1 e5 14. Na4 Qa5 15. Nxe5 Bxe5 16. dxe5 Nxe5 17. Bxe5 Qxe5 18. Bxe4 Bxe4 19. Qc3 Qxc3 20. Nxc3 Bf5 21. f3 f6 22. e4 Be6 23. Kf2 Kf7 24. Ke3 Ke7 25. b4 a5 26. bxa5 1/2-1/2

[Event "IECG CM.2002.0.00202 email"]
[Site "IECG email"]
[Date "2002.12.05"]
[Round "?"]
[White "Legahn, Dirk"]
[Black "Pappier, Carlos Guillermo"]
[Result "1/2-1/2"]
[WhiteElo "2400"]
[BlackElo "2400"]
[PlyCount "43"]
[EventDate "2002.12.05"]
[EventType "tourn (corr)"]
[EventRounds "6"]
[SourceTitle "Corr 2008"]
[Source "ChessBase"]
[SourceDate "2008.06.24"]
[SourceVersion "1"]
[SourceVersionDate "2008.06.24"]
[SourceQuality "1"]

1. g3 d5 2. Nf3 c6 3. Bg2 Bg4 4. c4 Nf6 5. Ne5 Be6 6. cxd5 Bxd5 7. Nf3 c5 8. Nc3 Bc6 9. 0-0 e6 10. d4 Nbd7 11. Be3 Be7 12. dxc5 Bxc5 13. Bxc5 Nxc5 14. Qc2 Qb6 15. b4 Ncd7 16. b5 Bxf3 17. Bxf3 0-0 18. a4 Ne5 19. Bg2 Rac8 20. a5 Qc5 21. Rac1 b6 22. Qa4 1/2-1/2

[Event "Wichern op 2nd"]
[Site "Hamburg"]
[Date "1993.??.??"]
[Round "3"]
[White "Legahn, Dirk"]
[Black "Luther, Thomas"]
[Result "1/2-1/2"]
[WhiteElo "2250"]
[BlackElo "2480"]
[PlyCount "27"]
[EventDate "1993.10.??"]
[EventType "swiss"]
[EventRounds "9"]
[EventCountry "GER"]
[SourceTitle "EXT 1997"]
[Source "ChessBase"]
[SourceDate "1996.11.15"]
[SourceVersion "1"]
[SourceVersionDate "1996.11.15"]
[SourceQuality "1"]

1. g3 d5 2. Nf3 c6 3. c4 dxc4 4. Bg2 Nf6 5. 0-0 Nbd7 6. Na3 Nb6 7. Qc2 Qd5 8. Nh4 Qd4 9. Nf3 Qe4 10. d3 cxd3 11. exd3 Qa4 12. b3 Qa6 13. Nc4 Bg4 14. Nfe5 1/2-1/2

[Event "Regionalliga NordS 9091"]
[Site "Germany"]
[Date "1991.02.17"]
[Round "6.4"]
[White "Legahn, Dirk"]
[Black "Von Herman, Ulf"]
[Result "1/2-1/2"]
[WhiteElo "2275"]
[BlackElo "2210"]
[PlyCount "82"]
[EventDate "1990.10.07"]
[EventType "team"]
[EventRounds "9"]
[EventCountry "GER"]
[SourceTitle "EXT 2003"]
[Source "ChessBase"]
[SourceDate "2002.11.25"]
[SourceVersion "1"]
[SourceVersionDate "2002.11.25"]
[SourceQuality "1"]
[WhiteTeam "Niederelbe"]
[BlackTeam "Rehberge"]
[WhiteTeamCountry "GER"]
[BlackTeamCountry "GER"]

1. d4 Nf6 2. Nf3 g6 3. c4 Bg7 4. g3 0-0 5. Bg2 d6 6. 0-0 Nc6 7. Nc3 a6 8. d5 Na5 9. Nd2 c5 10. Qc2 Rb8 11. Rb1 b5 12. cxb5 axb5 13. b4 cxb4 14. Rxb4 Bd7 15. Ba3 Qb6 16. Qb1 Rfc8 17. Bb2 Nc4 18. Nxc4 Rxc4 19. Ba1 Rbc8 20. Qb3 Rxb4 21. Qxb4 Rc4 22. Qb3 Qc5 23. h3 h5 24. Nd1 Qc8 25. Ne3 Ra4 26. Bb2 Bxh3 27. Qxb5 Bd7 28. Qb3 h4 29. Rc1 Qd8 30. gxh4 Rxh4 31. Rc4 Rxc4 32. Qxc4 Qa5 33. Bc3 Qb6 34. Qb3 Qxb3 35. axb3 Ng4 36. Bxg7 Kxg7 37. Nc2 e5 38. dxe6 fxe6 39. Be4 Kf6 40. f4 g5 41. e3 gxf4 1/2-1/2